| 000 | 00830nam a2200217Ia 4500 | ||
|---|---|---|---|
| 001 | 15538 | ||
| 003 | GE_BSU | ||
| 008 | 181216s||||||||xx |||||||||||||| ||und|| | ||
| 040 | _cGE_BSU | ||
| 080 | _a821.19-1 | ||
| 100 | _aბახჩინიანი, ფელიქს | ||
| 245 | _aმშვიდობის ხიდი | ||
| 245 | _bლექსები | ||
| 245 | _cსომხ. თარგმნა გივი ლუარსაბიშვილმა ; რედ.: შოთა ნიშნიანიძე ; ფოტო სეირან ბაროიანი, იური მეჩითოვი | ||
| 260 | _aთბილისი | ||
| 260 | _c1996 | ||
| 300 | _a72გვ. ; 20სმ. | ||
| 653 | _aლექსები | ||
| 653 | _aმშვიდობის ხიდი | ||
| 942 | _cBK | ||
| 999 |
_c48638 _d48638 |
||